000 01027nam a22002777a 4500
005 2010082302552.0
010 _aENG-101309
020 _c500.00
035 _aEN-84842
037 _bDBAD/PUB
082 _a347.052
100 _aManohar
_916802
245 _aThe AIR manual :
_bunrepealed central acts (civil and criminal) /
_cby Manohar [and] Chitaley
250 _a6th ed
260 _aNagpur
_bThe All India Reporter
_c2004
270 _aPost Box No. 209, Congress Nagar
_bNagpur
_e440012
300 _av.16 (xvi,1188p.)
_c25cm (Hb)
490 _aAIR publication
_916803
505 _aV.16- Court-fees :- Bombay Court-Fees Act, 1959 to Criminal Procedure Code, 1973 Section 144-A
650 _aLaw
_916804
650 _aCivil law
_916805
650 _aCriminal law
_916806
700 _aChitaley
_916093
942 _2ddc
_cEN
_h347.052
_mMAN
999 _c42958
_d42958